00213nam a2200085Ia 4500008004100000041000800041100001400049245004000063260002400103231212s1992 xx 000 0 und d aeng aBhargavha aBasic Electronics & linear Circuits aIndiabKhannac1992